| 000 | 00919nam a22002177a 4500 | ||
|---|---|---|---|
| 999 |
_c13913 _d13913 |
||
| 003 | AR-CdUCM | ||
| 008 | 190417b ||||| |||| 00| 0 spa d | ||
| 040 |
_aMUNICIPALIDAD PROVINCIAL DEL CUSCO _cBIBLIOTECA MUNICIPAL DEL CUSCO |
||
| 082 |
_aC / 920.785 / C77 _bC77 |
||
| 100 |
_aCornejo Bouroncle, Jorge _915278 |
||
| 245 |
_aSangre andina diez mujeres cuzqueñas / _cJorge Cornejo Bouroncle |
||
| 260 |
_aCuzco : _bH. G. Rozas, _c1949. |
||
| 300 |
_a270 páginas. : _c19 cm. |
||
| 505 | _aContenido: Chañan Curicoca -- Ccori Ocllo -- Chimpu Ocllo -- Micaela bastidas -- Tomasa Tito Condemayta -- Cecilia Tupac Amaru -- Marcela Castro -- Manuela Tito Condori -- Francisca Zubiaga -- Trinidad M. Enríquez. | ||
| 650 |
_aBiografías _9148 |
||
| 650 |
_aMujeres peruanas _932526 |
||
| 650 |
_aHistoria del Cusco _91714 |
||
| 650 |
_aProceso independentista _946724 |
||
| 942 |
_2ddc _cLIBROS |
||
| 945 |
_aacv _d2019-04-17 |
||